Country Flags in A - Statistics

General Stats
  • This quiz has been taken 27 times
  • The average score is 11 of 11
Answer Stats
Picture Answer % Correct
Algeria
100%
Argentina
100%
Australia
100%
Austria
100%
Albania
96%
Andorra
96%
Azerbaijan
96%
Afghanistan
92%
Angola
92%
Armenia
92%
Antigua and Barbuda
88%
No matching quizzes found
Score Distribution
Percent of People with Each Score
Percentile by Number Answered
Your Score History
You have not taken this quiz